000 01861nam0a22003731 4500
001 v19\rc\1877131
005 20260406113835.0
035 _a(NLR Aleph) 005264121
090 _a5931599
_c5931599
100 _a20080221d1910 u y0rusy50 ca
101 0 _arus
102 _aRU
105 _aa z |||||
200 1 _aАленушкины сказки
_f[Соч.] Д.Н. Мамина-Сибиряка
_gС 45 рис. худ. А.Н. Афанасьева, В.И. Андреева, Г.И. Гугунавы и П.Е. Литвиненко
205 _a10-е изд.
210 _aМосква
_cред. журн. "Юная Россия"
_d1910
215 _a132 с.
_cил.
_d27
225 1 _aБиблиотека для семьи и школы
700 1 _8rus
_7ca
_aМамин-Сибиряк
_bД. Н.
_f1852-1912
_gДмитрий Наркисович
_3RU\NLR\AUTH\77149
_9110226
702 1 _4440
_8rus
_7ca
_aАндреев
_bВ. И.
_cхудожник
_f1870-
_gВладимир Иванович
_3RU\NLR\AUTH\7762935
_945865
702 1 _4440
_8rus
_7ca
_aАфанасьев
_bА. Ф.
_f1850-ок.1920
_cхудожник
_gАлексей Федорович
_3RU\NLR\AUTH\7765080
_948009
702 1 _4440
_8rus
_7ca
_aГугунава
_bИ. Г.
_cхудожник
_f1860-1919
_gИван Георгиевич
_3RU\NLR\AUTH\7771514
_954442
702 1 _4440
_8rus
_7ca
_aЛитвиненко
_bП. Е.
_cписатель, художник
_f19 в.
_gПетр Евстафьевич
_3RU\NLR\AUTH\7771424
_954352
790 1 _9z02702
_aАфанасьев
_bА. Н.[!]
_f1856-1920
790 1 _9z03702
_aГугунава
_bГ. И.[!]
_f1860-1919
801 0 _aRU
_bNLR
_gpsbo
801 0 _aRU
_bRuMoRGB
_2psbo
801 1 _aRU
_bProSoft-M
_2rusmarc
801 2 _aRU
_bNLR
_c20081209
_2rusmarc
852 _aNLR
_j38.77.3.164
899 _aRuMoRGB
_jU 65/7
899 _aБАН
942 _cBOOK
980 _aNB